Senior housing in China (Record no. 114473)

MARC details
000 -LEADER
fixed length control field 01032cad a22002415a 4500
001 - CONTROL NUMBER
control field L156888
008 - FIXED-LENGTH DATA ELEMENTS--GENERAL INFORMATION
fixed length control field 120727s2012 xxk f 000 0 eng d
035 ## - SYSTEM CONTROL NUMBER
System control number (Sirsi) u156888
041 0# - LANGUAGE CODE
Language code of text/sound track or separate title eng
100 1# - MAIN ENTRY--PERSONAL NAME
Personal name Chen, Frank
245 00 - TITLE STATEMENT
Title Senior housing in China
Remainder of title A market in the making
Medium [electronic resource]
260 ## - PUBLICATION, DISTRIBUTION, ETC.
Place of publication, distribution, etc. China
Name of publisher, distributor, etc. CBRE
Date of publication, distribution, etc. 2012
490 #0 - SERIES STATEMENT
Series statement CBRE Research Viewpoint
Volume/sequential designation July 2012
520 ## - SUMMARY, ETC.
Summary, etc. Looks at the provision of accommodation for the elderly in China which ranges from public and private nursing homes to continuing care retirement communities and retirement apartment. Provides a range of opportunities for overseas investors wishing to move into an evolving market.
590 ## - LOCAL NOTE (RLIN)
Local note KA
651 #4 - SUBJECT ADDED ENTRY--GEOGRAPHIC NAME
Geographic name China
690 ## - LOCAL SUBJECT ADDED ENTRY--TOPICAL TERM (OCLC, RLIN)
Topical term or geographic name as entry element Residential property
9 (RLIN) 6266
690 ## - LOCAL SUBJECT ADDED ENTRY--TOPICAL TERM (OCLC, RLIN)
Topical term or geographic name as entry element Commercial property
9 (RLIN) 6227
700 1# - ADDED ENTRY--PERSONAL NAME
Personal name Choi, Ada
700 1# - ADDED ENTRY--PERSONAL NAME
Personal name Cheung, William
856 40 - ELECTRONIC LOCATION AND ACCESS
Uniform Resource Identifier <a href="https://www.cbre.eu/portal/pls/portal/res_rep.show_report?report_id=1961">https://www.cbre.eu/portal/pls/portal/res_rep.show_report?report_id=1961</a>
Public note View the item free of charge from the www.cbre.eu website
942 ## - ADDED ENTRY ELEMENTS (KOHA)
Suppress in OPAC 0
Holdings
Withdrawn status Lost status Source of classification or shelving scheme Damaged status Not for loan Home library Current library Shelving location Date acquired Total Checkouts Full call number Barcode Date last seen Copy number Price effective from Koha item type
    Dewey Decimal Classification     Virtual Virtual Online 27/07/2012   ONLINE PUBLICATION 156888-2001 06/08/2019 1 06/08/2019 Book